| 000 | 00762aam a2200301 4500 | ||
|---|---|---|---|
| 005 | 20240613124146.0 | ||
| 008 | 240613s2022 o 1 cat d | ||
| 017 | _aCS-976-2022 | ||
| 020 | _a9788419606013 | ||
| 041 | _acat | ||
| 080 | _a792(038) | ||
| 100 |
_aMolina, Rafel _975594 |
||
| 245 |
_aDiccionari elemental de teatre _cRafel Molina |
||
| 260 |
_aBenicarló _bOnada _c2022 |
||
| 300 |
_a87 p. _c21 cm. |
||
| 490 |
_aBiblioteca La Nau Minor; _v32 |
||
| 520 | _a200 | ||
| 546 | _acatalà | ||
| 591 | _a10989 | ||
| 592 | _aObra terminològica | ||
| 593 | _aUH | ||
| 594 | _a10989 | ||
| 650 | 0 |
_ateatre _963191 |
|
| 830 |
_aBiblioteca La Nau Minor; _v32 _962599 |
||
| 942 |
_cMO _n0 _2ddc |
||
| 999 |
_c68980 _d68980 |
||